|
|
|
|
| LEADER |
00000ny a22000003n 4500 |
| 005 |
20110509145720.0 |
| 007 |
cr|||| |||| |
| 008 |
950713c19uu9999sp mr s 0 b spa |
| 035 |
|
|
|a 104
|
| 040 |
|
|
|a BUS
|d vLex
|
| 090 |
|
|
|c 1477
|d 1477
|
| 245 |
0 |
0 |
|a Direccion General de Tributos
|h [Recurso electrn̤ico]
|
| 256 |
|
|
|a Servicio en ln̕ea
|
| 260 |
|
|
|a Barcelona :
|b vLex
|
| 300 |
|
|
|a 1 recurso electrn̤ico
|
| 500 |
|
|
|a Descripcin̤: Esta base de datos incluye todas las consultas vinculantes emitidas por la Direccin̤ General de Tributos desde 1997. La base de datos se actualiza perid̤icamente para incluir las nuevas consultas y se complementa con la base de datos de consultas no vinculantes.
|
| 506 |
1 |
|
|a Contenido solo disponible en los productos indicados
|d vLex Global
|d vLex Global (Academic Edition, excluding Law Schools)
|d vLex Global (U.S. Academic Edition, Law Schools)
|d vLex Global (U.S. Academic Edition, excluding Law Schools)
|d vLex Global (Academic Edition, Law Schools)
|
| 610 |
1 |
4 |
|a Espaą
|b Direccin̤ General de Tributos
|
| 650 |
0 |
4 |
|a Derecho fiscal
|z Espaą
|x Publicaciones perid̤icas
|
| 650 |
0 |
4 |
|a Cuestiones vinculantes
|
| 650 |
0 |
4 |
|a Consultas
|
| 740 |
0 |
|
|a vLex Jurisprudencia (Servicios en ln̕ea)
|
| 843 |
|
|
|a Electrn̤ica. Abierta
|
| 853 |
|
|
|8 1
|i (year)
|j (month)
|k (day)
|
| 856 |
4 |
0 |
|z Acceso restringido
|u http://vlex.com/source/dgt-104
|
| 942 |
|
|
|c TR
|
| 999 |
0 |
|
|a Jurisprudence
|b Spain
|